[Event "St. Pauli Open"]
[Site "Hamburg"]
[Date "2011.07.11"]
[Round "3.41"]
[White "Knaak, Michael"]
[Black "Welsh, Michael"]
[Result "1-0"]
[WhiteElo "1919"]
[BlackElo "2061"]
[PlyCount "125"]
[EventDate "2011.??.??"]
[WhiteTeam "FC ST.Pauli 1910 eV SAbt"]
[BlackTeam "FC ST.Pauli 1910 eV SAbt"]

1. d4 Nf6 2. Nc3 e6 3. e4 Bb4 4. e5 Ne4 5. Qg4 Nxc3 6. Qxg7 Rf8 7. a3 Qh4 8.
axb4 Qxd4 9. Bd3 Nd5 10. Nf3 Qxb4+ 11. Bd2 Qe7 12. Qxh7 f5 13. Qxe7+ Nxe7 14.
h4 Nbc6 15. h5 b6 16. Bg5 Bb7 17. h6 Nd8 18. h7 Ng6 19. Bf6 Nf7 20. Bg7 a5 21.
Bxf8 Kxf8 22. Ng5 Nxg5 23. h8=Q+ Nxh8 24. Rxh8+ Kg7 25. Rxa8 Bxa8 26. f4 Ne4
27. Bxe4 Bxe4 28. O-O-O Bc6 29. g3 Kg6 30. Kd2 Kh5 31. Ke3 Kg6 32. Rd2 Kf7 33.
Rh2 Kg7 34. Rh5 Be4 35. c3 Bd5 36. Rg5+ Kf7 37. g4 fxg4 38. Rxg4 Bb3 39. Kd4
Bc2 40. Rh4 Kg7 41. Rh2 Ba4 42. Rd2 Kf7 43. Ke3 Bc6 44. Kf2 Ke7 45. Kg3 Bd5 46.
Rh2 c6 47. Rh8 b5 48. Rb8 a4 49. Rc8 Be4 50. Kf2 Bd5 51. Ke3 Bb3 52. Kd4 Bc2
53. Kc5 Bg6 54. Rg8 Kf7 55. Rh8 Ke7 56. Rh6 Be4 57. Rh3 Bg6 58. Rg3 Be8 59. c4
bxc4 60. Kxc4 Bh5 61. Rg7+ Kd8 62. Kb4 Bd1 63. Kc5 1-0

[Event "St. Pauli Open"]
[Site "Hamburg"]
[Date "2011.07.11"]
[Round "3.42"]
[White "Nugel, Karl-Heinz"]
[Black "Klein, Raimund"]
[Result "1/2-1/2"]
[WhiteElo "2057"]
[BlackElo "1968"]
[PlyCount "85"]
[EventDate "2011.??.??"]
[WhiteTeam "Hamburger SK von 1830 eV"]
[BlackTeam "Hamburger SK von 1830 eV"]

1. d4 Nf6 2. c4 g6 3. g3 Bg7 4. Bg2 O-O 5. Nf3 d6 6. Nc3 Nc6 7. O-O a6 8. Qd3
Nd7 9. b3 e5 10. dxe5 Ndxe5 11. Nxe5 Nxe5 12. Qd2 Rb8 13. Bb2 b5 14. cxb5 axb5
15. Nd5 Be6 16. f4 Bxd5 17. Bxd5 c6 18. Bg2 Qb6+ 19. Kh1 Ng4 20. Bxg7 Kxg7 21.
e4 Ne3 22. Rfe1 Nxg2 23. Kxg2 Rfd8 24. Rad1 Ra8 25. Re2 Ra7 26. Qd4+ Qxd4 27.
Rxd4 c5 28. Rdd2 Rda8 29. Kf2 h6 30. h3 Ra6 31. Kf3 g5 32. fxg5 hxg5 33. Kg4 f6
34. h4 gxh4 35. gxh4 c4 36. bxc4 bxc4 37. Rc2 Ra4 38. h5 R8a5 39. Rh2 Rg5+ 40.
Kf4 Kh6 41. Rhd2 Kxh5 42. Rxd6 Kg6 43. Rc6 1/2-1/2

[Event "St. Pauli Open"]
[Site "Hamburg"]
[Date "2011.07.11"]
[Round "3.43"]
[White "Deutschbein, Christopher"]
[Black "Kosovs, Ernst"]
[Result "1/2-1/2"]
[WhiteElo "1927"]
[BlackElo "2056"]
[PlyCount "98"]
[EventDate "2011.??.??"]
[WhiteTeam "Bille SC von 1924 e.V."]
[BlackTeam "SK Bad Aibling"]

1. e4 Nf6 2. e5 Nd5 3. d4 d6 4. c4 Nb6 5. f4 dxe5 6. fxe5 c5 7. d5 e6 8. Nc3
exd5 9. cxd5 c4 10. Nf3 Bb4 11. Bxc4 O-O 12. Bb3 Bf5 13. O-O Na6 14. d6 Nc5 15.
Bg5 Qd7 16. Be7 Nxb3 17. axb3 Rfc8 18. Ng5 Bg6 19. Nd5 Nxd5 20. Qxd5 Qc6 21.
Qxc6 Rxc6 22. Ra4 Bc5+ 23. Kh1 h6 24. Nh3 Bd3 25. Rc1 b5 26. Rg4 Bf5 27. Rg3
Rac8 28. Rgc3 Bd7 29. Nf4 Bd4 30. Rxc6 Rxc6 31. Rxc6 Bxc6 32. e6 fxe6 33. Nxe6
Bb6 34. h3 Kf7 35. Nd8+ Bxd8 36. Bxd8 Ke6 37. Be7 a5 38. Kg1 a4 39. b4 a3 40.
Kf2 Kd5 41. Ke3 Kc4 42. g3 Bd7 43. h4 Kxb4 44. Ke4 Kb3 45. Bf6 Kc4 46. Ke5 b4
47. Bxg7 b3 48. Kf4 Kd5 49. g4 Ke6 1/2-1/2

[Event "St. Pauli Open"]
[Site "Hamburg"]
[Date "2011.07.11"]
[Round "3.45"]
[White "Becker, Thomas"]
[Black "Lehmkuhl, Stefan"]
[Result "1/2-1/2"]
[WhiteElo "2050"]
[BlackElo "1903"]
[PlyCount "80"]
[EventDate "2011.??.??"]
[WhiteTeam "Langenhorner SF 1928"]
[BlackTeam "SF Buxtehude"]

1. e4 d6 2. d4 e5 3. Nf3 exd4 4. Nxd4 Nf6 5. Nc3 Bd7 6. Be2 Nc6 7. O-O Nxd4 8.
Qxd4 Be7 9. h3 Bc6 10. Bf4 O-O 11. Rad1 Nd7 12. Nd5 Bf6 13. Nxf6+ Qxf6 14. Qxf6
Nxf6 15. f3 Rfe8 16. Bc4 a6 17. b4 Bb5 18. Bd3 Nd7 19. c4 Ba4 20. Rd2 Ne5 21.
Be2 f6 22. Rc1 Red8 23. Kf2 Be8 24. Be3 Bf7 25. f4 Nc6 26. a3 a5 27. b5 Ne7 28.
Bf3 Rac8 29. g4 b6 30. Be2 Ng6 31. Kg3 Re8 32. Bf3 Re7 33. h4 Rce8 34. h5 Nf8
35. Bd4 Ne6 36. Be3 Rb8 37. Kf2 Nc5 38. Bxc5 bxc5 39. f5 h6 40. Kg3 Rb6 1/2-1/2

[Event "St. Pauli Open"]
[Site "Hamburg"]
[Date "2011.07.11"]
[Round "3.46"]
[White "Bücker, Timo"]
[Black "Schöngart, Ralf"]
[Result "0-1"]
[WhiteElo "1905"]
[BlackElo "2035"]
[PlyCount "108"]
[EventDate "2011.??.??"]
[WhiteTeam "Barmstedter MTV"]
[BlackTeam "SF Buxtehude"]

1. Nf3 Nf6 2. d4 d5 3. Nbd2 Bf5 4. c4 c6 5. Qb3 Qc7 6. Nh4 dxc4 7. Qxc4 Be6 8.
Qc2 g6 9. e4 Qb6 10. Nhf3 Bg7 11. Bc4 Bxc4 12. Nxc4 Qa6 13. b3 O-O 14. O-O Nbd7
15. Bb2 Rac8 16. Nce5 e6 17. b4 Qb6 18. a4 Nxe5 19. Nxe5 Qxb4 20. Rfb1 Rfd8 21.
a5 Qd6 22. a6 b6 23. Nc4 Qc7 24. e5 Ne8 25. Ba3 Rxd4 26. Nd6 Nxd6 27. Bxd6 Qd7
28. Rd1 Rd5 29. Rac1 Rd8 30. Rxd5 cxd5 31. Qc7 f6 32. f4 fxe5 33. fxe5 Bh6 34.
Qxd7 Rxd7 35. Rc8+ Kf7 36. Kf2 Bg5 37. Rh8 Kg7 38. Rb8 Bd8 39. Rb7 Rf7+ 40.
Rxf7+ Kxf7 41. Bb8 Ke8 42. Bxa7 Bc7 43. Ke3 Kd7 44. Kf4 Kc6 45. Kg5 Bxe5 46.
Kh6 d4 47. Kxh7 Bxh2 48. Kxg6 d3 49. g4 d2 50. g5 d1=Q 51. Kf6 Qd7 52. Bxb6
Kxb6 53. g6 Bg1 54. Ke5 Bd4+ 0-1

[Event "St. Pauli Open"]
[Site "Hamburg"]
[Date "2011.07.11"]
[Round "3.47"]
[White "Raum, Norbert"]
[Black "Lindschau, Eggert"]
[Result "1/2-1/2"]
[WhiteElo "1809"]
[BlackElo "2026"]
[PlyCount "79"]
[EventDate "2011.??.??"]
[WhiteTeam "Schwarzenbeker SK"]
[BlackTeam "Niendorfer TSV 1919 SAbt"]

1. d4 e6 2. e4 d5 3. Nc3 Bb4 4. exd5 exd5 5. Bd3 Nf6 6. Qe2+ Qe7 7. Bd2 Nc6 8.
Qxe7+ Bxe7 9. Nge2 Nb4 10. Bb5+ c6 11. Ba4 Bf5 12. O-O-O b5 13. Bb3 a5 14. a3
a4 15. Ba2 Nxc2 16. Bb1 Nxa3 17. Bxf5 Nc4 18. Na2 Nxd2 19. Kxd2 g6 20. Bd3 Kd7
21. Rc1 b4 22. Ra1 Rhb8 23. f3 Ne8 24. h4 Nd6 25. h5 Bg5+ 26. f4 Bf6 27. hxg6
hxg6 28. Rh2 Ke7 29. g4 Nc4+ 30. Bxc4 dxc4 31. g5 Bh8 32. f5 gxf5 33. g6 Kf6
34. gxf7 a3 35. bxa3 Rxa3 36. Nf4 c3+ 37. Kd3 c2+ 38. Kxc2 Rxa2+ 39. Rxa2 b3+
40. Kb2 1/2-1/2

[Event "St. Pauli Open"]
[Site "Hamburg"]
[Date "2011.07.11"]
[Round "3.48"]
[White "Knauer, Frank"]
[Black "Wenzel, Birger"]
[Result "0-1"]
[WhiteElo "1802"]
[BlackElo "2019"]
[PlyCount "86"]
[EventDate "2011.??.??"]
[WhiteTeam "FC ST.Pauli 1910 eV SAbt"]
[BlackTeam "SK Johanneum Eppendorf"]

1. Nf3 Nf6 2. c4 c5 3. Nc3 e6 4. g3 b6 5. Bg2 Bb7 6. O-O Be7 7. d4 cxd4 8. Nxd4
Bxg2 9. Kxg2 a6 10. e4 d6 11. Be3 O-O 12. Rc1 Qc7 13. Qe2 Qb7 14. f3 Nbd7 15.
Kg1 Rac8 16. b3 Rfe8 17. Bd2 Nc5 18. Rce1 Bf8 19. b4 Ncd7 20. a3 Ne5 21. b5
Nxc4 22. a4 Nd7 23. Nc6 Nxd2 24. Qxd2 Nb8 25. Nxb8 Rxb8 26. Qd3 a5 27. Rd1 Qc7
28. Ne2 d5 29. Rc1 Bc5+ 30. Kg2 dxe4 31. Qxe4 Qb7 32. Qxb7 Rxb7 33. Rfd1 e5 34.
Rd5 Rbe7 35. Rcd1 g6 36. Nc3 f5 37. g4 fxg4 38. fxg4 e4 39. h4 e3 40. Ne2 Re4
41. Kf3 Rxa4 42. h5 Rf8+ 43. Kg3 Ra2 0-1

[Event "St. Pauli Open"]
[Site "Hamburg"]
[Date "2011.07.11"]
[Round "3.49"]
[White "Schmidt-Brauns, Rainer"]
[Black "Raider, Eugen"]
[Result "1/2-1/2"]
[WhiteElo "1999"]
[BlackElo "1899"]
[PlyCount "89"]
[EventDate "2011.??.??"]
[WhiteTeam "SK Marmstorf GW Harburg"]
[BlackTeam "Koenigsspr.SC.1984 e.V."]

1. d4 Nf6 2. c4 e5 3. dxe5 Ne4 4. Nd2 Bb4 5. Ngf3 Nc6 6. g3 f6 7. exf6 Qxf6 8.
Bg2 Bxd2+ 9. Bxd2 Qxb2 10. O-O O-O 11. Qc1 Qxc1 12. Raxc1 d6 13. Be3 Be6 14.
Nd4 Nxd4 15. Bxd4 Nd2 16. Rfd1 Nxc4 17. Bxb7 Rab8 18. Ba6 d5 19. Bxc4 dxc4 20.
Bc3 Rfd8 21. f3 Rd5 22. Rxd5 Bxd5 23. e4 Be6 24. Rd1 Kf7 25. Kf2 c5 26. Ke3 a5
27. Kf4 Rb4 28. Ke5 Ra4 29. Rd2 Ra3 30. Rc2 Ke7 31. f4 Bf7 32. f5 Be8 33. Kd5
Ba4 34. Rc1 Rxa2 35. Kxc4 Rxh2 36. Bxa5 Re2 37. Re1 Rxe1 38. Bxe1 Bc6 39. e5
Be4 40. g4 h5 41. Bh4+ Ke8 42. gxh5 Bxf5 43. Bg5 Bg4 44. h6 gxh6 45. Bxh6
1/2-1/2

[Event "St. Pauli Open"]
[Site "Hamburg"]
[Date "2011.07.11"]
[Round "3.50"]
[White "Maahs, Erich"]
[Black "Grötzbach, Julian"]
[Result "0-1"]
[WhiteElo "2098"]
[BlackElo "1884"]
[PlyCount "48"]
[EventDate "2011.??.??"]
[WhiteTeam "SC Concordia SAbt Palame"]
[BlackTeam "Hamburger SK von 1830 eV"]

1. e4 c5 2. f4 d6 3. Nf3 g6 4. Bc4 Bg7 5. d3 Nc6 6. c3 e6 7. Bb3 Nge7 8. O-O
O-O 9. Nbd2 b5 10. a4 b4 11. cxb4 Nxb4 12. Qe2 d5 13. e5 Ba6 14. Ne1 Nf5 15.
Nef3 Bxd3 16. Qf2 Bxf1 17. Nxf1 Nd3 18. Qe2 c4 19. Be3 Nxe3 20. Qxe3 Qb6 21.
Nd4 Nxf4 22. Bd1 Nd3 23. b3 Bxe5 24. Qxe5 Nxe5 0-1

[Event "St. Pauli Open"]
[Site "Hamburg"]
[Date "2011.07.11"]
[Round "3.52"]
[White "Seehagen, Jan"]
[Black "Jung, Gerald"]
[Result "1-0"]
[WhiteElo "1900"]
[BlackElo "2022"]
[PlyCount "63"]
[EventDate "2011.??.??"]
[WhiteTeam "FC ST.Pauli 1910 eV SAbt"]
[BlackTeam "SAbt SV Werder Bremen"]

1. e4 c5 2. Nf3 d6 3. d4 cxd4 4. Nxd4 Nf6 5. Nc3 a6 6. Bg5 e6 7. f4 Qc7 8. Qf3
b5 9. Bd3 Bb7 10. O-O-O b4 11. Nce2 Nbd7 12. Kb1 Nc5 13. Ng3 Be7 14. Rhe1 h6
15. Bxf6 Bxf6 16. Qe3 g6 17. e5 dxe5 18. fxe5 Bg5 19. Qf2 O-O-O 20. Bf1 h5 21.
Bd3 h4 22. Nf1 h3 23. g3 Rd7 24. Nb3 Nxd3 25. cxd3 Kb8 26. d4 Rhd8 27. Nfd2
Bxd2 28. Rxd2 Qc6 29. Nc5 Rc7 30. Rc2 Rdc8 31. Rec1 Qf3 32. Nxa6+ 1-0

[Event "St. Pauli Open"]
[Site "Hamburg"]
[Date "2011.07.11"]
[Round "3.53"]
[White "Powierski, Emil"]
[Black "Freter, Anke"]
[Result "1-0"]
[WhiteElo "2019"]
[BlackElo "1936"]
[PlyCount "85"]
[EventDate "2011.??.??"]
[WhiteTeam "Elmshorner SC von 1896"]
[BlackTeam "SK Norderstedt von 1975"]

1. e4 c5 2. Nf3 Nc6 3. d4 cxd4 4. Nxd4 Nf6 5. Nc3 e5 6. Ndb5 d6 7. Bg5 a6 8.
Na3 b5 9. Nd5 Be7 10. Bxf6 gxf6 11. c3 f5 12. exf5 Bxf5 13. Nc2 Bg5 14. h4 Bxh4
15. Nce3 Bg6 16. a4 b4 17. Nxb4 Nxb4 18. cxb4 O-O 19. Bd3 Qg5 20. O-O e4 21.
Bc4 Qe5 22. b3 Kh8 23. Qd5 Qxd5 24. Nxd5 Ra7 25. b5 axb5 26. Bxb5 Rg8 27. Bc4
Bh5 28. g3 Bf3 29. Rfe1 Bd8 30. Be2 Ra5 31. Bxf3 exf3 32. Ne7 Bxe7 33. Rxe7 Rb8
34. Re3 Rf5 35. Rc1 Rb6 36. Rcc3 Rh5 37. Rxf3 f5 38. Rc7 d5 39. a5 Rb8 40. a6
Ra8 41. a7 Rg5 42. b4 Rg4 43. Rb7 1-0

[Event "St. Pauli Open"]
[Site "Hamburg"]
[Date "2011.07.11"]
[Round "3.55"]
[White "Baberz, Alexander"]
[Black "Nixdorf, André"]
[Result "1/2-1/2"]
[WhiteElo "1854"]
[BlackElo "1974"]
[PlyCount "59"]
[EventDate "2011.??.??"]
[WhiteTeam "Hamburger SK von 1830 eV"]
[BlackTeam "SK Norderstedt von 1975"]

1. d4 Nf6 2. Nf3 d5 3. c4 c6 4. Nc3 g6 5. cxd5 cxd5 6. Bf4 Nc6 7. e3 a6 8. h3
Bg7 9. Bd3 O-O 10. a3 b5 11. b4 Bb7 12. Ne5 Nxe5 13. Bxe5 Rc8 14. Qd2 Ne4 15.
Nxe4 dxe4 16. Bxg7 Kxg7 17. Bc2 Qd5 18. O-O Rfd8 19. Rfd1 Qc4 20. Rdc1 Qc3 21.
Qxc3 Rxc3 22. Bd1 Rdc8 23. Rxc3 Rxc3 24. Kf1 f5 25. Ke1 Kf6 26. Kd2 Rc8 27. Bb3
e6 28. Rc1 Rxc1 29. Kxc1 Bd5 30. Kc2 1/2-1/2

[Event "St. Pauli Open"]
[Site "Hamburg"]
[Date "2011.07.11"]
[Round "3.56"]
[White "Von Malottki, Robin"]
[Black "Richter, Thomas"]
[Result "1-0"]
[WhiteElo "1972"]
[BlackElo "1842"]
[PlyCount "57"]
[EventDate "2011.??.??"]
[WhiteTeam "SK Caissa Rahlstedt von 1965"]
[BlackTeam "Barmbeker SK 1926 eV"]

1. e4 c5 2. Nf3 d6 3. d4 Bg4 4. c3 cxd4 5. cxd4 Nf6 6. Nc3 a6 7. Bd3 Nc6 8. Be3
e6 9. d5 Bxf3 10. Qxf3 Ne5 11. Qe2 exd5 12. exd5 Qa5 13. Bd4 O-O-O 14. O-O Nxd3
15. Qxd3 Be7 16. b4 Qc7 17. Nb5 Qd7 18. Rfc1+ Kb8 19. Na7 Nxd5 20. b5 axb5 21.
Nxb5 Nb4 22. Qc4 Na6 23. Ba7+ Ka8 24. Bb6 Rc8 25. Qa4 Rc6 26. Rxc6 Qxc6 27.
Nc7+ Kb8 28. Nxa6+ bxa6 29. Qxc6 1-0

[Event "St. Pauli Open"]
[Site "Hamburg"]
[Date "2011.07.11"]
[Round "3.57"]
[White "Hinrichs, Jan"]
[Black "Grötzbach, Daniel"]
[Result "0-1"]
[WhiteElo "1947"]
[BlackElo "1807"]
[PlyCount "78"]
[EventDate "2011.??.??"]
[WhiteTeam "Hamburger SK von 1830 eV"]
[BlackTeam "Hamburger SK von 1830 eV"]

1. d4 d5 2. c4 c6 3. g3 Nf6 4. Bg2 Bf5 5. Nf3 e6 6. O-O Nbd7 7. b3 Be7 8. Nbd2
h6 9. Bb2 O-O 10. Ne5 a5 11. a3 Bh7 12. e3 Nxe5 13. dxe5 Nd7 14. cxd5 exd5 15.
e4 dxe4 16. Nxe4 Nc5 17. Nxc5 Bxc5 18. Qc1 Qb6 19. Qc4 Bf5 20. Rac1 Be7 21. Bd4
Qc7 22. Bb2 Rad8 23. Rfd1 Be6 24. Bd5 Rxd5 25. Rxd5 Qb8 26. Qc3 Bxd5 27. Qxa5
Bxb3 28. f4 Qd8 29. Qe1 Qb6+ 30. Kf1 Qb5+ 31. Kf2 Bc5+ 32. Rxc5 Qxc5+ 33. Kf3
Rd8 34. Kg4 Be6+ 35. Kh5 g6+ 36. Kxh6 Qf8+ 37. Kg5 Qe7+ 38. Kh6 f6 39. g4 Qg7#
0-1

[Event "St. Pauli Open"]
[Site "Hamburg"]
[Date "2011.07.11"]
[Round "3.58"]
[White "Klügel, Jan"]
[Black "Onken, Alexej"]
[Result "0-1"]
[WhiteElo "1942"]
[BlackElo "1764"]
[PlyCount "109"]
[EventDate "2011.??.??"]
[WhiteTeam "SV VHS Rendsburg"]
[BlackTeam "SK Johanneum Eppendorf"]

1. d4 Nf6 2. Nf3 c5 3. e3 e6 4. Bd3 b6 5. O-O Bb7 6. Nbd2 Be7 7. b3 O-O 8. Bb2
d6 9. Qe2 a6 10. e4 cxd4 11. Nxd4 Nbd7 12. c4 Nc5 13. Bc2 Qc7 14. f4 Rad8 15.
Rae1 e5 16. Nf5 Bc8 17. Nxe7+ Qxe7 18. f5 g6 19. Rf3 Kh8 20. Nf1 Rg8 21. Ng3
Rg7 22. Bc1 g5 23. Rf2 Rdg8 24. Nh5 Nxh5 25. Qxh5 f6 26. Qd1 h6 27. Rd2 Rd8 28.
Ba3 Rgg8 29. Re3 a5 30. Rh3 Kh7 31. Qe1 g4 32. Rg3 h5 33. Bd1 Rg7 34. Re3 Rg5
35. Bc1 Bb7 36. Bc2 Bc6 37. Qh4 Kg8 38. Rde2 Qf7 39. Rg3 Rg7 40. h3 gxh3 41.
Rxg7+ Qxg7 42. Qxh3 Qf7 43. Qe3 b5 44. Qh6 bxc4 45. Re3 Qg7 46. Qxh5 cxb3 47.
Qh4 bxa2 48. Rg3 a1=Q 49. Rxg7+ Kxg7 50. Qh6+ Kf7 51. Qg6+ Ke7 52. Qg7+ Ke8 53.
Bb3 Qxc1+ 54. Kh2 Nxb3 55. Qg8+ 0-1

[Event "St. Pauli Open"]
[Site "Hamburg"]
[Date "2011.07.11"]
[Round "3.9"]
[White "Stelting, Thorsten"]
[Black "Juergens, Bernhard"]
[Result "0-1"]
[WhiteElo "2252"]
[BlackElo "2117"]
[Annotator "Jürgens, Benhard"]
[PlyCount "58"]
[EventDate "2011.??.??"]
[WhiteTeam "FC ST.Pauli 1910 eV SAbt"]
[BlackTeam "Hamburger SK von 1830 eV"]

1. e4 e6 2. d4 d5 3. Nd2 Nf6 4. e5 Nfd7 5. f4 c5 6. c3 cxd4 7. cxd4 Nc6 8. Ndf3
Qb6 9. h4 Be7 (9... Bb4+ 10. Kf2) 10. Kf2 $2 (10. h5) (10. g3) (10. a3) 10...
f6 11. Kg3 O-O 12. Rh3 $2 (12. Ne2) 12... fxe5 $19 13. fxe5 Ndxe5 $3 (13...
Nxd4 $3 {Fritz 11} 14. Qxd4 (14. Nxd4 Bd6 $19) 14... Qxd4 15. Nxd4 Rxf1 $19)
14. dxe5 Nxe5 15. Nxe5 (15. Qb3 Qc7) (15. Qd4 Bc5 16. Qxe5 Bd6) (15. -- $140
Bd6) (15. Bf4 Rxf4 16. Kxf4 Ng6+) 15... Qxg1 16. Bf4 Rxf4 $1 17. Kxf4 Qf2+ 18.
Rf3 (18. Nf3 Bd6+ 19. Kg4 (19. Kg5 Qe3+) 19... e5+) (18. Qf3 Qd4+ 19. Kg3 Qxe5+
20. Qf4 Qxb2) 18... Qxh4+ 19. Ke3 (19. g4 Bg5#) (19. Ng4 e5+ (19... Bc5 {Fritz
11}) (19... h5)) 19... Qe4+ 20. Kd2 Bg5+ 21. Kc3 Qxe5+ 22. Kb3 Qd6 23. Bd3 e5
24. Qh1 e4 25. Qh5 Qb6+ 26. Kc3 d4+ 27. Kc2 exd3+ 28. Kd1 Qg6 29. Qxg6 hxg6 0-1

[Event "St. Pauli Open - B"]
[Site "Hamburg"]
[Date "2011.07.11"]
[Round "3.1"]
[White "Reher, Wolfgang"]
[Black "Raedisch, Peter"]
[Result "1-0"]
[WhiteElo "1875"]
[BlackElo "1757"]
[PlyCount "123"]
[EventDate "2011.??.??"]
[WhiteTeam "Verein Segeberger SF"]
[BlackTeam "SF Hamburg eV 1934"]

1. e4 e5 2. Nf3 Nc6 3. Bb5 d6 4. d4 exd4 5. Qxd4 Bd7 6. Bxc6 Bxc6 7. Bg5 Nf6 8.
Nc3 Be7 9. O-O-O h6 10. Bh4 Qd7 11. Rhe1 O-O 12. h3 Nh7 13. Kb1 Bxh4 14. Nxh4
Qe6 15. Nf5 Qe5 16. Qe3 Rfe8 17. f4 Qe6 18. g4 Nf6 19. Qd4 Red8 20. Nxg7 Kxg7
21. g5 Rg8 22. Nd5 Bxd5 23. exd5 Qf5 24. gxf6+ Kf8 25. Re7 Rc8 26. a3 Rg6 27.
Qc3 Qxf6 28. Rxc7 Qxc3 29. Rxc3 Rxc3 30. bxc3 Rg3 31. Rd3 Rg2 32. Rf3 Ke7 33.
Kb2 Kf6 34. c4 Kf5 35. Re3 Kf6 36. Kc3 Rg8 37. Kd4 b6 38. a4 h5 39. a5 h4 40.
axb6 axb6 41. Rb3 Rb8 42. Ke4 Rb7 43. Rb1 Re7+ 44. Kf3 Rb7 45. Kg4 Kg6 46. Kxh4
Kf5 47. Kg3 f6 48. Kf3 Rh7 49. Ke3 Re7+ 50. Kd3 Rb7 51. c5 dxc5 52. Kc4 Kxf4
53. Kb5 Ke5 54. Kc6 Rb8 55. Re1+ Kd4 56. d6 Rc8+ 57. Kxb6 Kd5 58. d7 Rc6+ 59.
Kb7 Rd6 60. Rd1+ Ke6 61. Rxd6+ Kxd6 62. d8=Q+ 1-0

[Event "St. Pauli Open - B"]
[Site "Hamburg"]
[Date "2011.07.11"]
[Round "3.2"]
[White "Fria, Leandro"]
[Black "Xin, Ruidi"]
[Result "1-0"]
[WhiteElo "1830"]
[BlackElo "1752"]
[PlyCount "85"]
[EventDate "2011.??.??"]
[WhiteTeam "Stader SV"]
[BlackTeam "SC Diogenes eV"]

1. e4 c5 2. c3 d6 3. d4 cxd4 4. cxd4 Nf6 5. Nc3 Nc6 6. h3 Qb6 7. Nf3 g6 8. Be2
Bg7 9. Rb1 O-O 10. Be3 d5 11. e5 Ne4 12. Nxd5 Qa5+ 13. Nc3 Bf5 14. Rc1 Nxc3 15.
bxc3 Qxa2 16. Nh4 Be6 17. f4 Rfd8 18. O-O Qd5 19. Bf3 Qa5 20. Be4 f5 21. exf6
Bxf6 22. Nf3 Bf5 23. Bxf5 Qxf5 24. Ne5 Qe6 25. Qf3 Nxe5 26. fxe5 Bg7 27. Qxb7
Rdb8 28. Qe4 a5 29. Bf4 a4 30. d5 Qb6+ 31. Be3 Qc7 32. Bd4 a3 33. d6 exd6 34.
Qd5+ Kh8 35. exd6 Bxd4+ 36. cxd4 Qg7 37. Rc7 Qh6 38. Qe5+ Kg8 39. Qe6+ Kh8 40.
d7 Rf8 41. Rc8 a2 42. Rfxf8+ Qxf8 43. Qf6+ 1-0

[Event "St. Pauli Open - B"]
[Site "Hamburg"]
[Date "2011.07.11"]
[Round "3.3"]
[White "Hall, Dean"]
[Black "Cassens, Erhard Otto"]
[Result "1-0"]
[WhiteElo "1744"]
[BlackElo "1830"]
[PlyCount "39"]
[EventDate "2011.??.??"]
[WhiteTeam "SSG Stotel/Loxstedt"]
[BlackTeam "SAbt SV Lurup Hamb. 1923"]

1. e4 e6 2. d4 d5 3. Nc3 c6 4. Bd3 b6 5. Nf3 Ba6 6. Qe2 Bxd3 7. cxd3 Be7 8. Bf4
g5 9. Be5 Nf6 10. Nxg5 Rg8 11. Nf3 Rxg2 12. Bg3 dxe4 13. dxe4 Bb4 14. Kf1 Rxg3
15. hxg3 Nbd7 16. a3 Bf8 17. d5 cxd5 18. exd5 Qe7 19. Re1 exd5 20. Qd3 1-0

[Event "St. Pauli Open - B"]
[Site "Hamburg"]
[Date "2011.07.11"]
[Round "3.4"]
[White "Krüger, David"]
[Black "Kähler, Arne"]
[Result "0-1"]
[WhiteElo "1740"]
[BlackElo "1804"]
[PlyCount "48"]
[EventDate "2011.??.??"]
[WhiteTeam "SV Eidelstedt"]
[BlackTeam "Elmshorner SC von 1896"]

1. e4 e5 2. Nf3 Nc6 3. Bb5 Nd4 4. Nxd4 exd4 5. O-O Bc5 6. c3 Ne7 7. d3 O-O 8.
Nd2 dxc3 9. bxc3 d5 10. d4 Bb6 11. Ba3 c6 12. Bd3 Re8 13. Qc2 Ng6 14. Kh1 Nf4
15. f3 Qg5 16. Rf2 Re6 17. exd5 cxd5 18. Bxh7+ Kh8 19. Bf5 Rh6 20. Bxc8 Rxc8
21. Nf1 Bxd4 22. Rd2 Rxc3 23. Qa4 Bb6 24. Bd6 Rxd6 0-1

[Event "St. Pauli Open - B"]
[Site "Hamburg"]
[Date "2011.07.11"]
[Round "3.5"]
[White "Schwarz, Nico"]
[Black "Meyer, Thomas"]
[Result "1-0"]
[WhiteElo "1716"]
[BlackElo "1775"]
[PlyCount "129"]
[EventDate "2011.??.??"]
[WhiteTeam "Stader SV"]
[BlackTeam "Bergstedter SK von 1962"]

1. e4 c6 2. d4 d5 3. exd5 cxd5 4. c4 Nf6 5. Nc3 Nc6 6. Nf3 Bg4 7. cxd5 Nxd5 8.
Bc4 e6 9. O-O Bxf3 10. Qxf3 Nxd4 11. Qe4 Nxc3 12. bxc3 Nc6 13. Bf4 Bc5 14. Rad1
Qe7 15. Rd3 O-O 16. Rh3 g6 17. Rg3 Rfe8 18. Bg5 f6 19. Bh6 Ne5 20. Bb3 Red8 21.
Kh1 Re8 22. f4 Nc6 23. Rff3 Kh8 24. h4 f5 25. Qe2 Qxh4+ 26. Rh3 Qe7 27. Rfg3
Qd7 28. Ba4 Rad8 29. Bg5 Qd2 30. Qf1 Rd7 31. Rh6 Qxa2 32. Bxc6 bxc6 33. Qe1 Qd5
34. Kh2 Bd6 35. Rgh3 e5 36. Qh4 Qf7 37. Rg3 Bf8 38. Bf6+ Kg8 39. Rgxg6+ Qxg6
40. Rxg6+ hxg6 41. Qh8+ Kf7 42. fxe5 Ke6 43. Qg8+ Rf7 44. Qxg6 Ree7 45. Bxe7+
Kxe7 46. Qd6+ Ke8 47. Qxc6+ Ke7 48. Qd6+ Ke8 49. Qb8+ Ke7 50. Qxa7+ Ke6 51.
Qa2+ Ke7 52. Qa3+ Ke6 53. Qb3+ Ke7 54. Qb4+ Ke6 55. Qc4+ Ke7 56. Qd5 f4 57. e6
Rh7+ 58. Kg1 Kf6 59. Qd4+ Kg5 60. Qe5+ Kg4 61. Kf2 Ra7 62. Qd5 Ra3 63. e7 Bxe7
64. Qe6+ Kh5 65. Qxe7 1-0

[Event "St. Pauli Open - B"]
[Site "Hamburg"]
[Date "2011.07.11"]
[Round "3.6"]
[White "Stoll, Robert"]
[Black "Rohde, Patrick"]
[Result "0-1"]
[WhiteElo "1732"]
[BlackElo "1865"]
[PlyCount "96"]
[EventDate "2011.??.??"]
[WhiteTeam "SG Glinde"]
[BlackTeam "Elmshorner SC von 1896"]

1. d4 Nf6 2. c4 g6 3. Nc3 Bg7 4. e4 d6 5. h3 Nbd7 6. f4 c5 7. d5 Nh5 8. Qf3 e6
9. Be3 exd5 10. exd5 O-O 11. g4 Nhf6 12. Bd3 Re8 13. Kf2 Qb6 14. Nge2 Nf8 15.
a3 Qd8 16. Rab1 Qe7 17. Ng3 Bxg4 18. hxg4 Nxg4+ 19. Qxg4 Qxe3+ 20. Kg2 Qxd3 21.
f5 Re3 22. fxg6 fxg6 23. Nce4 Be5 24. Rbd1 Qc2+ 25. Kh3 Bxg3 26. Nxg3 Rae8 27.
Rdf1 h5 28. Qf4 Qxb2 29. Rf2 Qe5 30. Qf7+ Kh8 31. Qf6+ Kh7 32. Qxe5 R3xe5 33.
Rf7+ Kg8 34. Rxb7 R5e7 35. Rb3 Nd7 36. Kh4 Ne5 37. Rc1 Rf8 38. Rcc3 Rf4+ 39.
Kh3 Rxc4 40. Rb8+ Kf7 41. Rcb3 Ra4 42. Rh8 Kf6 43. Rc3 Nf7 44. Rf3+ Kg7 45. Ra8
Ng5+ 46. Kg2 Nxf3 47. Kxf3 Rxa3+ 48. Kg2 Ree3 0-1

[Event "St. Pauli Open - B"]
[Site "Hamburg"]
[Date "2011.07.11"]
[Round "3.8"]
[White "Indinger, Alexander"]
[Black "Angeli, Rudolf"]
[Result "1/2-1/2"]
[WhiteElo "1833"]
[BlackElo "1724"]
[PlyCount "42"]
[EventDate "2011.??.??"]
[WhiteTeam "Bille SC von 1924 e.V."]
[BlackTeam "Volksdorfer SK 1948"]

1. e4 c6 2. d4 d5 3. Nc3 dxe4 4. Nxe4 Bf5 5. Ng3 Bg6 6. Nf3 Nf6 7. Bd3 Bxd3 8.
Qxd3 Qa5+ 9. Bd2 Qa6 10. Qb3 e6 11. O-O-O Nbd7 12. Kb1 Qb6 13. Rhe1 Qxb3 14.
axb3 Be7 15. Ne5 Nxe5 16. dxe5 Nd7 17. f4 O-O-O 18. Ne4 Nb6 19. Ba5 Rd5 20.
Bxb6 axb6 21. Nc3 Rxd1+ 1/2-1/2

[Event "St. Pauli Open - B"]
[Site "Hamburg"]
[Date "2011.07.11"]
[Round "3.9"]
[White "Hopson, Kevin Mike"]
[Black "Kastner, Hannes"]
[Result "0-1"]
[WhiteElo "1721"]
[BlackElo "1832"]
[PlyCount "96"]
[EventDate "2011.??.??"]
[WhiteTeam "Elmshorner SC von 1896"]
[BlackTeam "Schachfreunde Gerresheim 86 e.V."]

1. e4 e6 2. d4 c5 3. Nf3 cxd4 4. Nxd4 Bc5 5. Nb3 Bb6 6. Nc3 Ne7 7. Bf4 d5 8.
exd5 Nxd5 9. Nxd5 exd5 10. Bxb8 Qe7+ 11. Be2 Rxb8 12. Qxd5 O-O 13. Qf3 Re8 14.
Kf1 Bf5 15. Bd3 Bxd3+ 16. cxd3 Rbc8 17. Qd1 Qf6 18. Qd2 Be3 19. Qe2 Bd4 20. Qf3
Qb6 21. Nxd4 Qxd4 22. Qd1 Qxb2 23. Rb1 Qxa2 24. Ra1 Qb2 25. Rb1 Qc2 26. g3
Qxd1+ 27. Rxd1 Rc2 28. Kg2 Ree2 29. Rhf1 Kf8 30. d4 Ke7 31. Ra1 a6 32. Rab1 b5
33. Ra1 Ra2 34. Rac1 Kd7 35. Kf3 b4 36. Rb1 a5 37. g4 Kd6 38. Rbc1 b3 39. Rc5
a4 40. Ra5 a3 41. Rxa3 Rxf2+ 42. Rxf2 Rxa3 43. Ke4 Ra7 44. Kd3 Rb7 45. Kc3 g6
46. Re2 f6 47. Rf2 Kd5 48. Re2 b2 0-1

[Event "St. Pauli Open - B"]
[Site "Hamburg"]
[Date "2011.07.11"]
[Round "3.10"]
[White "Meyer, Christoph"]
[Black "Kossinz, Alex"]
[Result "0-1"]
[WhiteElo "1795"]
[BlackElo "1711"]
[PlyCount "20"]
[EventDate "2011.??.??"]
[WhiteTeam "Stader SV"]
[BlackTeam "Elmshorner SC von 1896"]

1. e4 c5 2. Nf3 d6 3. d4 cxd4 4. Nxd4 Nf6 5. Nc3 a6 6. f4 e5 7. Nf3 Nbd7 8. a4
Be7 9. Bc4 Qa5 10. O-O Qc5+ 0-1